Statistics for "Tiro" by Arca Lyrics

Click here to take the quiz!

General Stats

  • This quiz has been taken 3 times
  • The average score is 160 of 196

Answer Stats

Answer% Correct
a
100%
aceleras
100%
ay
100%
bajito
100%
bolivar
100%
cadera
100%
choquen
100%
chupate
100%
como
100%
dale
100%
de
100%
despacito
100%
desquiciada
100%
dinero
100%
donde
100%
Donde
100%
esa
100%
está
100%
están
100%
gozadera
100%
gringos
100%
guajira
100%
gueros
100%
hasta
100%
huesos
100%
las
100%
latina
100%
los
100%
luego
100%
mango
100%
maquina
100%
máquina
100%
mira
100%
miran
100%
miranda
100%
para
100%
pepa
100%
que
100%
rompe
100%
su
100%
suave
100%
suavemente
100%
te
100%
tiren
100%
y
100%
amacuro
67%
amazonas
67%
beige
67%
bien
67%
bomba
67%
carabobo
67%
cojedes
67%
cuatro
67%
dedos
67%
delincuente
67%
delta
67%
desde
67%
duro
67%
el
67%
en
67%
falda
67%
frente
67%
fuego
67%
Guarico
67%
guarico
67%
lara
67%
macho
67%
mecheras
67%
mirame
67%
monagas
67%
negros
67%
puya
67%
saquen
67%
seis
67%
tachira
67%
tacones
67%
tiralo
67%
tucupita
67%
veinte
67%
yaracuy
67%
zulia
67%
cargalo
33%
dura
33%
beiga
0%
busco
0%
desquicada
0%
desquicaiada
0%
tírame
0%

Score Distribution

Percentile by Number Answered

Percent of People with Each Score

Your Score History

You have not taken this quiz